| 000 | 00456nam a2200181Ia 4500 | ||
|---|---|---|---|
| 005 | 20240823010711.0 | ||
| 008 | 240823s9999||||xx |||||||||||||| ||und|| | ||
| 082 | _A658.31243 P0 | ||
| 100 | _a"pareek,Udai " | ||
| 245 | 0 | _aTraining for Organizational Transformation | |
| 250 | _a1st | ||
| 260 |
_c2000 _b"Sage,New Delhi" |
||
| 500 | _aYES | ||
| 650 |
_aManagement _bManagement Studies |
||
| 700 | _a" Lynton,Rolf P" | ||
| 942 | _cBK | ||
| 999 |
_c159403 _d159403 |
||